00400nam a2200145Ia 4500008004100000020001800041041000800059082002000067100001300087245008200100260003500182300000800217365001600225700001300241230718s9999 xx 000 0 und d a9788192339733 aeng a341.23'013bMAR aMarya G. aIt Takes Two To TangobAchieving Customer - Connect In Shape - Shifting India c2013bEnterpreneur India Books a175 cRs.b495.00 aMarya G.